V poľnohospodárskom družstve Bratislava-Vinohrady o tradícii, súčasnosti a perspektívach vinohradníctva

Bibliographic Details
Main Authors: Tajcnár, Ladislav (Author), Maloch, Milan (Author)
Format: Article
Language:Slovak
PhysicalDescription:Fotogr. 2
ISSN:0042-6326
Subjects:

MARC

LEADER 00000nab a2200000 a 4500
001 vtls000628623
003 SK-MaSNL
005 20260302185403.0
008 160401c1997 xo 0 slo
015 |a SNBRB19rr/mm-uuuuu 
035 |a CL0628762 
040 |a SNKBUCL  |b slo  |c SNKBUCL  |e AACR2 
041 0 |a slo 
044 |a xo  |c SK 
080 |a 634.8(437.6):631.115.6(437.6)  |2 1981 
080 |a 631.115.6(437.6)  |2 1981 
100 1 |a Tajcnár, Ladislav  |4 aut  |9 847182 
245 1 0 |a V poľnohospodárskom družstve Bratislava-Vinohrady o tradícii, súčasnosti a perspektívach vinohradníctva  |c Ladislav Tajcnár, Milan Maloch 
300 |b Fotogr. 2 
650 0 7 |a vinohradníctvo  |2 snkbucl  |9 1657 
650 0 7 |a výroba vinohradnícka  |2 snkbucl  |9 901902 
650 0 7 |a Poľnohospodárske družstvo, Bratislava-Vinohrady  |2 snkbucl  |9 901903 
651 7 |a 5100  |2 snkbucl  |9 166206 
655 7 |a články z novín a časopisov  |2 snkbucl  |9 267496 
700 1 |a Maloch, Milan  |4 aut  |9 481739 
773 0 |x 0042-6326  |t Vinohrad  |g Roč. 35, č. 3 (1997), s. 54-55 
850 |a Slovenská národná knižnica v Martine  |a MTA001 
852 |a SNK  |b KIS3GCP 
958 |a SK 
958 |a RK 
958 |a RBX 
999 |c 1429290  |d 1431220